Cities of Ukraine - Statistics

General Stats
  • This quiz has been taken 1,666 times
    489 since last reset
  • The average score is 14 of 25
Answer Stats
Population City % Correct
2,797,553 Kyiv
100%
1,430,885 Kharkiv
93%
1,001,558 Odessa
93%
717,803 L'viv
91%
1,024,700 Donetsk
88%
1,032,822 Dnipropetrovsk
82%
452,000 Luhansk
82%
481,626 Mariupol
78%
320,477 Kherson
67%
379,200 Sevastopol
61%
796,217 Zaporizhzhia
58%
510,840 Mykolayiv
56%
317,847 Poltava
53%
294,456 Sumy
53%
307,684 Chernihiv
49%
358,108 Simferopol
44%
255,106 Rivne
41%
297,568 Cherkasy
40%
352,115 Vinnytsya
38%
282,192 Zhytomyr
37%
652,380 Kryvyi Rih
34%
398,346 Khmelnytskyi
31%
278,550 Horlivka
16%
249,454 Kirovohrad
14%
376,610 Makivka
13%
No matching quizzes found
Score Distribution
Percent of People with Each Score
Percentile by Number Answered
Your Score History
You have not taken this quiz since the last reset